000 00336 a2200157 4500
001 48194
020 _a9788566033433
040 _cAnchieta - Aquarius
100 _aAraujo, Fabio
240 1 0 _aO cão pidão
_lpor
245 1 0 _aO cão pidão
300 _a27
362 0 _a2018
650 4 _aLiteratura infanto-juvenil
942 _cBK
999 _c48194
_d48194